| 000 | 00513nam a22001937a 4500 | ||
|---|---|---|---|
| 003 | CEME | ||
| 005 | 20210628202929.0 | ||
| 008 | 210115b xxu||||| |||| 00| 0 eng d | ||
| 020 | _a97808570906951 | ||
| 040 | _c. | ||
| 082 | _a620.192 SMA | ||
| 100 |
_aAguilar, Maria Rosa _962377 |
||
| 245 | _aSmart polymers and their applicatons | ||
| 260 |
_aINDIA _bELSEVIER _c2014 |
||
| 300 | _aXVI, 568P | ||
| 650 |
_aSMART POLYMERS.TYPES OF POLYMERS _962378 |
||
| 700 |
_aRoman, Julio San _962379 |
||
| 942 |
_cBK _2ddc |
||
| 999 |
_c571501 _d571501 |
||